00830nam a2200241 a 450000100060000000300090000600800410001502000150005604000280007108200160009910000340011524500300014926000500017930000110022959000490024065000150028965000350030465000360033965000330037594200120040899900170042095201510043718037CO-ViMGA141112s2004 ck r 000 u spa d a8485691938 aCO-ViMGAbspacCO-ViMGA04a321.8 P373c1 aPerez Ledesma (comp), 92560010aCiudadanía y democracia aMadríd (España), cPablo Iglesias, c2000 a364.p. aForma de adquisición : Premio - Mincultura14aDEMOCRACIA14aPARTICIPACION CIUDADANA92560114aPARTICIPACION Política92085214aSOCIOLOGIA Política913795 2ddccBK c27414d27414 00102ddc40708002aMEVIECARbMEVIECARd2015-12-04hVolumen. 1 | 11/jun/2009l0o321.8 P373c p18037r2015-12-04 00:00:00tEj. 1w2015-12-04yBK